000 00729nam a2200229 a 4500
001 BRCA_6218
005 20190320205356.0
008 180711s1920----gw-#######---#000-0#ger-#
041 _ager
044 _agw
050 4 _aD619
_b.B45 1920
100 1 _aBernstorff, Johann Heinrich Andreas Hermann Albrecht
_cgraf von
_d1862-1939.
_915629
245 1 0 _aDeutschland und Amerika
_cgraf Johann Heinrich Bernstorff.
260 _aBerlĂ­n
_bUllstein
_c1920
300 _axii, 414 p.
_c22 cm.
500 _aK78
650 1 4 _aGuerra Europea, 1914-1918
_97797
651 4 _aAlemania
_vRelaciones exteriores
_zEstados Unidos
_915630
651 4 _aEstados Unidos
_vRelaciones exteriores
_zAlemania
_915631
902 _aGFM
942 _2lcc
_cB
999 _c5905
_d5905